Interconectividad de redes con TCP/IP Volumen II Diseño e Implementación / Douglas E. Comer, David L. Stevens (Registro nro. 13216)
[ vista simple ]
| 000 -LÍDER | |
|---|---|
| fixed length control field | 00655nam a2200169 4500 |
| 008 - ELEMENTOS DE LONGITUD FIJA -- INFORMACIÓN GENERAL | |
| fixed length control field | 0 2000 0a 000 0Mex |
| 020 ## - NÚMERO INTERNACIONAL NORMALIZADO PARA LIBROS | |
| ISBN | 970-26-0000-6 |
| 050 ## - SIGNATURA TOPOGRAFICA DE LA BIBLIOTECA DEL CONGRESO (LC) | |
| Número de Clasificación | TK5105.5 C39 1999 V.II |
| 082 ## - NUMERO DE CLASIFICACION DECIMAL DEWEY | |
| Número de Clasificación | 004.6 C732i |
| 100 ## - ASIENTO PRINCIPAL--NOMBRE PERSONAL | |
| Nombre personal | Comer, Douglas E. |
| 245 ## - TÍTULO | |
| Título | Interconectividad de redes con TCP/IP Volumen II Diseño e Implementación / Douglas E. Comer, David L. Stevens |
| 250 ## - MENCIÓN DE EDICIÓN | |
| Mención de edición | 3 |
| 260 ## - PUBLICACIÓN, DISTRIBUCIÓN, ETC. (PIE DE IMPRENTA) | |
| Lugar de publicación, distribución, etc. | México : Pearson |
| 300 ## - DESCRIPCIÓN FÍSICA | |
| Extensión | 660 p. / 23 cm. |
| 650 ## - ASIENTO SECUNDARIO DE MATERIA - TERMINO TEMÁTICO | |
| Término temático o nombre geográfico como elemento de entrada | 1. REDES DE COMPUTACION \ 2. TCP/IP PROTOCOLO DE RED PARA COMPUTADORA \ 3. SISTEMAS DE TRANSMISION DE DATOS \ 4. INTERNET WORKING TELECOMUNICACION |
| 700 ## - ASIENTO SECUNDARIO - NOMBRE PERSONAL | |
| Nombre personal | Stevens, David L. |
| No. biblioteca | No. biblioteca | Número de clasificación | Código de barras/Número de adquisición | Número de copia | Tipo de material |
|---|---|---|---|---|---|
| LUIS G. INCLAN | LUIS G. INCLAN | 004.6 C732i | 39273 | 1 | Libros |
| LUIS G. INCLAN | LUIS G. INCLAN | 004.6 C732i | 39274 | 2 | Libros |
| LUIS G. INCLAN | LUIS G. INCLAN | 004.6 C732i | 39275 | 3 | Libros |
| LUIS G. INCLAN | LUIS G. INCLAN | 004.6 C732i | 39276 | 4 | Libros |
| LUIS G. INCLAN | LUIS G. INCLAN | 004.6 C732i | 39431 | 5 | Libros |
| LUIS G. INCLAN | LUIS G. INCLAN | 004.6 C732i | 39432 | 6 | Libros |
| LUIS G. INCLAN | LUIS G. INCLAN | 004.6 C732i | 45930 | 7 | Libros |
| LUIS G. INCLAN | LUIS G. INCLAN | 004.6 C732i | 46511 | 8 | Libros |
